| 000 | 00495nam a2200181Ia 4500 | ||
|---|---|---|---|
| 003 | GCL | ||
| 008 | 140319s9999 xx 000 0 ara d | ||
| 040 |
_aGCL / _cGCL |
||
| 082 | 0 | 4 |
_aد _b050 |
| 100 | 1 | _aسهير القلماوى | |
| 245 | 1 | 0 |
_aذكرى طه حسين ( اقرا 388 ) / _cسهير القلماوى |
| 300 | _a158 ص | ||
| 490 |
_aوثائق ونصوص _v0 |
||
| 650 | 0 | 4 | _aالادباء |
| 650 | 0 | 4 | _aطه حسين |
| 650 | 0 | 4 | _aالرجال - تراجم |
| 942 |
_2ddc _cCF |
||
| 999 |
_c27189 _d27189 |
||